[Event "Stare Mesto op"]
[Site "Stare Mesto"]
[Date "2004.08.19"]
[Round "8"]
[White "Borovicka, Bohumil"]
[Black "Symbor, Przemyslaw"]
[Result "0-1"]
[WhiteElo "2073"]
[BlackElo "2243"]
[PlyCount "110"]
[EventDate "2004.08.13"]
[EventType "swiss"]
[EventRounds "10"]
[EventCountry "CZE"]
[SourceTitle "EXT 2006"]
[Source "ChessBase"]
[SourceDate "2005.11.24"]
[SourceVersion "1"]
[SourceVersionDate "2005.11.24"]
[SourceQuality "1"]

1. d4 Nf6 2. Nf3 e6 3. e3 c5 4. Bd3 b6 5. 0-0 Bb7 6. Nbd2 Be7 7. c3 d6 8. Qe2 Nbd7 9. Re1 0-0 10. e4 e5 11. Nf1 Re8 12. dxe5 dxe5 13. Ng3 a6 14. a4 Qc7 15. Bg5 h6 16. Be3 Bf8 17. Nh4 Rec8 18. b3 Ne8 19. Nhf5 Ndf6 20. f3 Kh7 21. Bf2 g6 22. Ne3 Rd8 23. Red1 Ng7 24. Bc4 Rdb8 25. Rd2 Bc6 26. Nd5 Nxd5 27. exd5 Bb7 28. d6 Bxd6 29. Bxf7 e4 30. fxe4 Bxg3 31. Bxg6+ Kxg6 32. Bxg3 Qc8 33. Bxb8 Rxb8 34. Rd6+ Kh7 35. Qe3 h5 36. Rad1 Qg4 37. Re1 Re8 38. Qh6+ Kg8 39. Rg6 Qd7 40. e5 Bd5 41. Rd6 Qb7 42. Rd1 Be6 43. Rd8 Qe7 44. Qf6 Kh7 45. c4 Rxd8 46. Rxd8 Qb7 47. Qf3 Qc7 48. Qd3+ Bf5 49. Qd6 Qf7 50. Qf6 Qb7 51. Qf8 Qe4 52. Qg8+ Kh6 53. Rd6+ Bg6 54. Qh8+ Kg5 55. Qxg7 Qe1# 0-1

[Event "POL-chT 1st League"]
[Site "Ustron"]
[Date "2003.09.13"]
[Round "8"]
[White "Nowacki, Adrian"]
[Black "Symbor, Przemyslaw"]
[Result "0-1"]
[WhiteElo "1852"]
[BlackElo "2243"]
[PlyCount "40"]
[EventDate "2003.09.06"]
[EventType "team-tourn"]
[EventRounds "9"]
[EventCountry "POL"]
[SourceTitle "EXT 2005"]
[Source "ChessBase"]
[SourceDate "2004.11.15"]
[SourceVersion "1"]
[SourceVersionDate "2004.11.15"]
[SourceQuality "1"]
[WhiteTeam "Kozuchow Odrodzenie"]
[BlackTeam "Gdanski Drapol Jantar Pruszcz"]
[WhiteTeamCountry "POL"]
[BlackTeamCountry "POL"]

1. e4 c5 2. Nf3 e6 3. d4 cxd4 4. Nxd4 Nc6 5. Nc3 Qc7 6. Be3 a6 7. Bd3 b5 8. 0-0 Bb7 9. a3 Rc8 10. Qe2 Nf6 11. f4 Nxd4 12. Bxd4 Bc5 13. Bxc5 Qxc5+ 14. Kh1 d6 15. Rad1 Nd7 16. Qd2 0-0 17. Be2 Nf6 18. Bf3 b4 19. axb4 Qxb4 20. e5 Bxf3 0-1

[Event "POL-chT 1st League"]
[Site "Ustron"]
[Date "2003.09.08"]
[Round "3"]
[White "Krysztofiak, Marcin"]
[Black "Symbor, Przemyslaw"]
[Result "1-0"]
[WhiteElo "2344"]
[BlackElo "2243"]
[PlyCount "49"]
[EventDate "2003.09.06"]
[EventType "team-tourn"]
[EventRounds "9"]
[EventCountry "POL"]
[SourceTitle "EXT 2005"]
[Source "ChessBase"]
[SourceDate "2004.11.15"]
[SourceVersion "1"]
[SourceVersionDate "2004.11.15"]
[SourceQuality "1"]
[WhiteTeam "Warszawa Damis"]
[BlackTeam "Gdanski Drapol Jantar Pruszcz"]
[WhiteTeamCountry "POL"]
[BlackTeamCountry "POL"]

1. d4 Nf6 2. c4 e6 3. Nf3 b6 4. g3 Ba6 5. Qa4 Bb7 6. Bg2 c5 7. dxc5 Bxc5 8. 0-0 Be7 9. Nc3 Na6 10. Rd1 Nc5 11. Qc2 Nce4 12. Nd4 Nxc3 13. Qxc3 Bxg2 14. Kxg2 0-0 15. Nc6 Qe8 16. Nxe7+ Qxe7 17. Bg5 Rac8 18. Bxf6 Qxf6 19. Qxf6 gxf6 20. b3 Rfd8 21. e4 Kf8 22. Rd3 Ke7 23. Rad1 Rc5 24. f4 Rc7 25. Kf3 1-0

[Event "Olomouc op"]
[Site "Olomouc"]
[Date "2003.08.02"]
[Round "4"]
[White "Szymanski, Marcin"]
[Black "Symbor, Przemyslaw"]
[Result "1-0"]
[WhiteElo "2407"]
[BlackElo "2243"]
[PlyCount "33"]
[EventDate "2003.07.30"]
[EventType "swiss"]
[EventRounds "9"]
[EventCountry "CZE"]
[SourceTitle "CBM 095 Extra"]
[Source "ChessBase"]
[SourceDate "2003.09.04"]
[SourceVersion "1"]
[SourceVersionDate "2003.09.04"]
[SourceQuality "1"]

1. d4 Nf6 2. c4 e6 3. Nc3 Bb4 4. Qc2 c5 5. dxc5 0-0 6. a3 Bxc5 7. Nf3 b6 8. Bg5 Be7 9. Rd1 Bb7 10. e4 h6 11. Bh4 a6 12. Be2 Nh5 13. Bxe7 Qxe7 14. 0-0 Nf4 15. Qd2 f5 16. Qxf4 fxe4 17. Qc7 1-0

[Event "Warsaw Cup"]
[Site "Warsaw"]
[Date "1987.??.??"]
[Round "11"]
[White "Matkowski, Wiktor"]
[Black "Symbor, Przemyslaw"]
[Result "0-1"]
[WhiteElo "2210"]
[BlackElo "2255"]
[PlyCount "104"]
[EventDate "1987.04.??"]
[EventType "swiss"]
[EventRounds "11"]
[EventCountry "POL"]
[SourceTitle "EXT 2001"]
[Source "ChessBase"]
[SourceDate "2000.11.22"]
[SourceVersion "1"]
[SourceVersionDate "2000.11.22"]
[SourceQuality "1"]

1. e4 c5 2. Nf3 e6 3. c3 d5 4. e5 d4 5. cxd4 cxd4 6. Bb5+ Bd7 7. Nxd4 Bxb5 8. Nxb5 Nc6 9. 0-0 a6 10. N5c3 Qd4 11. Ne2 Qxe5 12. d4 Qd6 13. Nbc3 Nf6 14. Bf4 Qd7 15. Re1 Be7 16. Qd2 0-0 17. Rad1 Rfd8 18. a3 Na5 19. Nc1 Rac8 20. Re2 Nc4 21. Qe1 Nd5 22. Nxd5 Qxd5 23. Rd3 Bf6 24. Be3 Qf5 25. Rd1 Qb5 26. a4 Qf5 27. Na2 b5 28. axb5 axb5 29. Qb4 Nb6 30. Nc3 Nd5 31. Qb3 Rb8 32. Red2 Rdc8 33. Nxd5 exd5 34. Kf1 Rc4 35. Ra1 h6 36. Ra5 Qh5 37. g3 Qf3 38. Rd3 Rbc8 39. Rc3 b4 40. Rxc4 Rxc4 41. Ra8+ Kh7 42. Qd3+ g6 43. Qd2 Qh1+ 44. Ke2 b3 45. Qe1 Rc2+ 46. Bd2 Qe4+ 47. Kd1 Qxd4 48. Qe3 Qxe3 49. fxe3 Rxb2 50. Rb8 Rb1+ 51. Ke2 b2 52. Kd3 Rc1 0-1